| 000 | 00793nam a2200253Ia 4500 | ||
|---|---|---|---|
| 003 | OSt | ||
| 005 | 20220918175843.0 | ||
| 006 | a|||||r|||| 00| 0 | ||
| 007 | ta | ||
| 008 | 220917b |||||||| |||| 00| 0 eng d | ||
| 024 | _a19,262 | ||
| 037 | _cTextual | ||
| 040 |
_aARTS _cARTS _beng |
||
| 041 |
_2eng _aeng |
||
| 082 | _aO111,2J640mO44, L6 | ||
| 100 |
_aWells Henry W _955020 |
||
| 245 | 0 |
_aShakespeare turned east _b a study in comparison of Shakespeare's last plays with some classical plays of India |
|
| 260 |
_aMysore _bPrasaranga _c1976 |
||
| 300 |
_axx,180p. _ccm. |
||
| 650 | _aENGLISH LITERATURE | ||
| 700 |
_a Gowda H. H. Anniah _955021 |
||
| 942 |
_hO111,2J640mO44, L6 _cTEXL _2CC |
||
| 999 |
_c159233 _d159233 |
||